| 000 | 01090cam a22002175a 4500 | ||
|---|---|---|---|
| 001 | L140853 | ||
| 008 | 071015s2007 xxka f 000 0 eng d | ||
| 035 | _a(Sirsi) u140853 | ||
| 041 | 0 | _aeng | |
| 050 | 0 | 4 | _a333.72 $2 18 |
| 110 | 2 |
_aDavis Langdon _94649 |
|
| 245 | 0 | 0 |
_aBuilding supplement _bdigging beneath the greenwash |
| 260 |
_aLondon _bCMP _c2007 |
||
| 300 |
_a30p. _c30cm. |
||
| 490 | 0 |
_aBuilding _vSupplement September 2007 |
|
| 520 | _aFocus on sustainability in the construction industry. Discusses: the City of London Corporation sustainability strategy; sustainable design from an architect's perspective; Davis Langdon's new approach to carbon rating; Marks and Spencer's green credentials; using carbon calculators to calculate carbon footprints; construction client's waste management strategies; the redevelopment of King's Cross; the effect of the sustainability agenda on value; sustainability concepts of the future; and environmental terms. | ||
| 590 | _aKA | ||
| 651 | 4 |
_aUnited Kingdom _y |
|
| 690 | _aBUILT ENVIRONMENT-SUSTAINABLE CONSTRUCTION | ||
| 942 | _n0 | ||
| 999 |
_c107553 _d107553 |
||